<?xml version="1.0" encoding="UTF-8"?>
<record
    xmlns:xsi="http://www.w3.org/2001/XMLSchema-instance"
    xsi:schemaLocation="http://www.loc.gov/MARC21/slim http://www.loc.gov/standards/marcxml/schema/MARC21slim.xsd"
    xmlns="http://www.loc.gov/MARC21/slim">

  <leader>00564    a2200169   4500</leader>
  <controlfield tag="005">20250528112732.0</controlfield>
  <datafield tag="020" ind1=" " ind2=" ">
    <subfield code="a">978-0-470-39376-5</subfield>
  </datafield>
  <datafield tag="082" ind1=" " ind2=" ">
    <subfield code="a">LECT 650.01 POW</subfield>
  </datafield>
  <datafield tag="100" ind1=" " ind2=" ">
    <subfield code="a">POWELL, S. G</subfield>
  </datafield>
  <datafield tag="245" ind1=" " ind2=" ">
    <subfield code="a">Management Science : The Art of Modeling with Spreadsheets</subfield>
  </datafield>
  <datafield tag="250" ind1=" " ind2=" ">
    <subfield code="a">2nd Ed.</subfield>
  </datafield>
  <datafield tag="260" ind1=" " ind2=" ">
    <subfield code="a">USA</subfield>
    <subfield code="b">John Wiley &amp; Sons, Ltd</subfield>
    <subfield code="c">2009</subfield>
  </datafield>
  <datafield tag="300" ind1=" " ind2=" ">
    <subfield code="a">xv, 511p.: ill.; figure, table</subfield>
    <subfield code="b">Index</subfield>
    <subfield code="c">28cm</subfield>
  </datafield>
  <datafield tag="700" ind1=" " ind2=" ">
    <subfield code="a">BAKER, K. R</subfield>
  </datafield>
  <datafield tag="856" ind1=" " ind2=" ">
    <subfield code="y">Access Online Book</subfield>
    <subfield code="f">Management Science : The Art of Modeling with Spreadsheets</subfield>
    <subfield code="d">www.wiley.com/college/powell</subfield>
  </datafield>
  <datafield tag="942" ind1=" " ind2=" ">
    <subfield code="2">ddc</subfield>
    <subfield code="c">BKS</subfield>
  </datafield>
  <datafield tag="999" ind1=" " ind2=" ">
    <subfield code="c">2767</subfield>
    <subfield code="d">2767</subfield>
  </datafield>
  <datafield tag="952" ind1=" " ind2=" ">
    <subfield code="r">2025-05-28 11:30:22</subfield>
    <subfield code="l">0</subfield>
    <subfield code="o">LECT650.01 POW</subfield>
    <subfield code="p">00000010348</subfield>
    <subfield code="v">156000.00</subfield>
    <subfield code="w">2025-05-28</subfield>
    <subfield code="y">BKS</subfield>
    <subfield code="1">0</subfield>
    <subfield code="2">ddc</subfield>
    <subfield code="4">0</subfield>
    <subfield code="7">0</subfield>
    <subfield code="0">0</subfield>
    <subfield code="a">CBEML</subfield>
    <subfield code="b">CBEML</subfield>
    <subfield code="c">GEN</subfield>
    <subfield code="d">2014-11-28</subfield>
    <subfield code="g">52000.00</subfield>
  </datafield>
</record>
